Documentos de Miguel Hidalgo (Record no. 1338)

MARC details
000 -CABECERA
campo de control de longitud fija 01278nam a2200289 a 4500
001 - NÚMERO DE CONTROL
campo de control BRCA_1476
005 - FECHA Y HORA DE LA ÚLTIMA TRANSACCIÓN
campo de control 20190320203438.0
008 - DATOS DE LONGITUD FIJA--INFORMACIÓN GENERAL
campo de control de longitud fija 191105s2003----mx-a######---#000-0#spa-d
020 ## - NÚMERO INTERNACIONAL ESTÁNDAR DEL LIBRO
Número Internacional Estándar del Libro 9688595098
041 ## - CÓDIGO DE LENGUA
Código de lengua del texto/banda sonora o título independiente spa
044 ## - CÓDIGO DEL PAÍS DE LA ENTIDAD EDITORA/PRODUCTORA
Código MARC del país mx
050 #4 - SIGNATURA TOPOGRÁFICA DE LA BIBLIOTECA DEL CONGRESO
Número de clasificación F1232.H5
Número de documento/Ítem .D63 2003
245 10 - MENCIÓN DE TÍTULO
Título Documentos de Miguel Hidalgo
Resto del título del Colegio de San Francisco Xavier a la Biblioteca Francisco Xavier Clavigero
Mención de responsabilidad, etc. introducción Teresa Matabuena Peláez ; estudio introductorio Guadalupe Jiménez Codinach ; transcripción palegráfica María Eugenia Ponce Alcocer.
260 ## - PUBLICACIÓN, DISTRIBUCIÓN, ETC.
Lugar de publicación, distribución, etc. México
Nombre del editor, distribuidor, etc. Universidad Iberoamericana, Biblioteca Francisco Xavier Clavigero
Fecha de publicación, distribución, etc. 2003
300 ## - DESCRIPCIÓN FÍSICA
Extensión 143 p.
Otras características físicas il. a color
Dimensiones 34 cm.
500 ## - NOTA GENERAL
Nota general Colección Sonia Corcuera de Mancera
504 ## - NOTA DE BIBLIOGRAFÍA, ETC.
Nota de bibliografía, etc. Bibliografía: p. 143
600 14 - PUNTO DE ACCESO ADICIONAL DE MATERIA--NOMBRE DE PERSONA
Nombre de persona Hidalgo y Costilla, Miguel
Fechas asociadas al nombre 1753-1811
9 (RLIN) 4667
610 24 - PUNTO DE ACCESO ADICIONAL DE MATERIA--NOMBRE DE ENTIDAD CORPORATIVA
Nombre de entidad corporativa o nombre de jurisdicción como elemento de entrada Colegio de San Francisco Xavier (México)
Subdivisión de forma Biobibliografía
9 (RLIN) 4826
610 24 - PUNTO DE ACCESO ADICIONAL DE MATERIA--NOMBRE DE ENTIDAD CORPORATIVA
Nombre de entidad corporativa o nombre de jurisdicción como elemento de entrada Universidad Iberoamericana
Unidad subordinada Biblioteca Francisco Xavier Clavigero
Subdivisión de forma Biobibliografía
9 (RLIN) 4827
650 14 - PUNTO DE ACCESO ADICIONAL DE MATERIA--TÉRMINO DE MATERIA
Término de materia o nombre geográfico como elemento de entrada Revolucionarios
Subdivisión de forma Biografía
Subdivisión general Historia
Subdivisión geográfica México
9 (RLIN) 4828
700 1# - PUNTO DE ACCESO ADICIONAL--NOMBRE DE PERSONA
Nombre de persona Matabuena Peláez, Teresa
9 (RLIN) 4829
700 1# - PUNTO DE ACCESO ADICIONAL--NOMBRE DE PERSONA
Nombre de persona Jiménez Codinach, Guadalupe
9 (RLIN) 447
700 1# - PUNTO DE ACCESO ADICIONAL--NOMBRE DE PERSONA
Nombre de persona Ponce Alcocer, María Eugenia
9 (RLIN) 4830
902 ## - CATALOGADOR
Iniciales DSC
942 ## - ELEMENTOS DE PUNTO DE ACCESO ADICIONAL (KOHA)
Fuente del sistema de clasificación o colocación Library of Congress Classification
Tipo de ítem Koha Libros
Holdings
Estado de retiro Estado de pérdida Estado dañado No para préstamo Localización permanente Ubicación/localización actual Fecha de adquisición Total de préstamos Signatura topográfica completa Código de barras Fecha visto por última vez Precio válido a partir de Tipo de ítem Koha
El ejemplar forma parte de la colección y puede ser consultado según las políticas vigentes.       Biblioteca del Museo Franz Mayer (Rogerio Casas-Alatriste) Biblioteca del Museo Franz Mayer (Rogerio Casas-Alatriste) 26/06/2008   F1232.H5 .D63 2003 DSC00007 22/03/2019 22/03/2019 Libros